000 00727nam a2200277Ia 4500
003 OSt
005 20220918165340.0
006 a|||||r|||| 00| 0
007 ta
008 220917b |||||||| |||| 00| 0 eng d
020 _a416 07890 7
024 _a31,129
037 _cTextual
040 _aARTS
_cARTS
_beng
041 _2eng
_aeng
082 _aO111:g, L2
100 _aBell Michael
_918209
245 0 _aPrimitivism Michael Bell
260 _aLondon
_bMethuen & Co Ltd
_c1972
300 _aix,93p.
_ccm.
490 _aCritical idion ed by John D Jump; 20
500 _aBib 84-88p
650 _aENGLISH LITERATURE
942 _hO111:g, L2
_cTEXL
_2CC
999 _c129447
_d129447